000 00255nam a2200109Ia 4500
005 20251222154426.0
008 251222s9999||||xx |||||||||||||| ||spa||
082 _a520.92/D87
100 _a"Dole, Stephen H."
245 0 _aPlanetas habitables
942 _cLIB
999 _c36243
_d36243